| 000 | 00718nam a2200229Ia 4500 | ||
|---|---|---|---|
| 020 | _a0536804664 | ||
| 020 | _a9780536804662 | ||
| 040 | _cKSU | ||
| 082 | _a658 RUS 2003 A055 Or. | ||
| 100 | 1 | _aRussell, Roberta S | |
| 245 | 1 | 0 | _aOperations management / |
| 250 | _aCustom edition | ||
| 300 |
_axx, 824 pages : _bcolor illustrations ; _c25 cm |
||
| 500 | _a"Custom edition for Kent State University"--Title page | ||
| 500 | _aTaken from Operations management, fourth edition / Roberta S. Russell and Bernard W. Taylor III | ||
| 650 | 0 | _aProduction management | |
| 650 | 0 | _aQuality control | |
| 700 | 1 | _aTaylor, Bernard W., | |
| 700 | 1 | _aRussell, Roberta S. | |
| 700 | 1 | _aTaylor, Bernard W., | |
| 942 | _cEK | ||
| 999 |
_c15200 _d15200 |
||